[Event "DEM U18w 2009"]
[Site "Willingen GER"]
[Date "2009.06.01"]
[Round "3"]
[White "Knof, Henrike"]
[Black "Stein, Simone"]
[Result "1-0"]
[Termination "normal"]
[Board "13"]
[WhiteElo "1486"]
[BlackElo "1351"]
[PlyCount "109"]
[BlackFideId "24692875"]
[EventCountry "GER"]
[EventRounds "9"]
[EventType "swiss"]
[EventDate "2009.05.30"]

1. e4 c5 2. Nf3 d6 3. d4 cxd4 4. Nxd4 Nf6 5. Nc3 g6 6. Bc4 Bg7 7. f3 Nc6 8. Bb3
O-O 9. Be3 Bd7 10. Qd2 Rc8 11. O-O-O Ne5 12. Kb1 Nc4 13. Bxc4 Rxc4 14. Qd3 Qc8
15. Nde2 b5 16. b3 Rc7 17. Nxb5 Bxb5 18. Qxb5 Rb7 19. Qd3 a5 20. a4 Qc6 21. Ka2
Nd7 22. Rd2 Rfb8 23. Qd5 Qc7 24. g4 Ne5 25. Rf1 Nc6 26. Ka3 Nb4 27. Qc4 Qxc4
28. bxc4 Rc8 29. c3 Na6 30. Rd5 Rxc4 31. Rxa5 Bxc3 32. Rxa6 Bb2+ 33. Ka2 Rc2
34. Rb6 Rxb6 35. Bxb6 Rxe2 36. Kb3 Rxh2 37. a5 Be5 38. Rf2 Rh1 39. Ra2 Rc1 40.
a6 Rc8 41. a7 Ra8 42. Kb4 d5 43. exd5 Bb8 44. Kb5 Bxa7 45. Rxa7 Re8 46. Bc5 Kf8
47. Kc6 h5 48. gxh5 gxh5 49. Kd7 h4 50. Ra4 Rb8 51. Rxh4 Rb7+ 52. Kc6 Rb3 53.
f4 Rb2 54. Rh8+ Kg7 55. Bd4+ 1-0

[Event "DEM U18w 2009"]
[Site "Willingen GER"]
[Date "2009.06.02"]
[Round "4"]
[White "Frey, Alisa"]
[Black "Jussupow, Ekaterina"]
[Result "1-0"]
[Termination "normal"]
[Board "1"]
[WhiteElo "1984"]
[BlackElo "2186"]
[PlyCount "79"]
[WhiteFideId "24634662"]
[BlackFideId "24625400"]
[EventCountry "GER"]
[EventRounds "9"]
[EventType "swiss"]
[EventDate "2009.05.30"]

1. e4 e5 2. Nf3 Nc6 3. Bb5 g6 4. c3 a6 5. Ba4 d6 6. d4 Bd7 7. O-O Bg7 8. Be3
Nge7 9. d5 Nb8 10. Bxd7+ Nxd7 11. c4 O-O 12. Nc3 h6 13. Nd2 f5 14. f3 c5 15. a3
g5 16. b4 b6 17. Rb1 Ra7 18. Na4 Nf6 19. Nxb6 Qxb6 20. bxc5 Qa5 21. cxd6 Nc8
22. c5 fxe4 23. fxe4 Qxa3 24. Rb3 Qa4 25. c6 Raf7 26. Bc5 Nxd6 27. Rb4 Qa3 28.
Bxd6 Qe3+ 29. Kh1 Ng4 30. Nf3 Rc8 31. Qc2 Bf8 32. Bxf8 Rfxf8 33. d6 Qa3 34.
Qc4+ Kh8 35. Qb3 Qxb3 36. Rxb3 Rxc6 37. h3 Rxd6 38. hxg4 Re6 39. Rb7 Rf4 40.
Rc1 1-0

[Event "DEM U18w 2009"]
[Site "Willingen GER"]
[Date "2009.06.02"]
[Round "4"]
[White "Hannes, Diana"]
[Black "Breitwieser, Jasmin"]
[Result "1-0"]
[Termination "normal"]
[Board "2"]
[WhiteElo "2061"]
[BlackElo "1874"]
[PlyCount "117"]
[WhiteFideId "24611344"]
[BlackFideId "24601705"]
[EventCountry "GER"]
[EventRounds "9"]
[EventType "swiss"]
[EventDate "2009.05.30"]

1. e4 c5 2. Nf3 e6 3. b3 Nc6 4. Bb2 Nf6 5. e5 Nd5 6. Bb5 Be7 7. O-O O-O 8. Bxc6
bxc6 9. c4 Nf4 10. d4 f6 11. dxc5 fxe5 12. Nc3 Bxc5 13. Ne4 Be7 14. Nxe5 Qc7
15. Nd3 d6 16. Nxf4 Rxf4 17. Qd3 e5 18. Rad1 Bf5 19. f3 Rd8 20. Qe2 Be6 21.
Rfe1 Kh8 22. Nf2 Qa5 23. Ba1 Rf5 24. Nd3 Rg5 25. f4 Bg4 26. Qd2 Qxd2 27. Rxd2
Rg6 28. Bc3 Bh4 29. g3 Bf5 30. fxe5 Bg5 31. Rdd1 Bg4 32. Ra1 d5 33. cxd5 cxd5
34. Bd4 Bd2 35. Rf1 a5 36. Nf4 Bxf4 37. Rxf4 Be6 38. Raf1 Kg8 39. Bb6 Rc8 40.
Bxa5 h5 41. Bb4 Kh7 42. Bd6 Bg4 43. Rd4 Rc2 44. Rf2 Rc1+ 45. Kg2 h4 46. Rff4
h3+ 47. Kf2 Rc2+ 48. Ke1 Be6 49. Rf2 Rc1+ 50. Kd2 Rh1 51. a4 Kg8 52. a5 Rxh2
53. Rxh2 Rxg3 54. Rd3 Rxd3+ 55. Kxd3 Bc8 56. Kd4 g5 57. Bb4 g4 58. Be1 Bb7 59.
b4 1-0

[Event "DEM U18w 2009"]
[Site "Willingen GER"]
[Date "2009.06.02"]
[Round "4"]
[White "Lorenz, Nicole"]
[Black "Mertens, Pauline"]
[Result "1/2-1/2"]
[Termination "normal"]
[Board "3"]
[WhiteElo "1842"]
[BlackElo "1922"]
[PlyCount "118"]
[WhiteFideId "24623709"]
[BlackFideId "24671959"]
[EventCountry "GER"]
[EventRounds "9"]
[EventType "swiss"]
[EventDate "2009.05.30"]

1. e4 c5 2. Nf3 d6 3. Bb5+ Bd7 4. Bxd7+ Qxd7 5. O-O Nc6 6. c4 g6 7. d4 cxd4 8.
Nxd4 Bg7 9. Be3 Nf6 10. Nc3 Ng4 11. Nxc6 Nxe3 12. fxe3 bxc6 13. Qd2 O-O 14. Rf3
Qe6 15. c5 Rab8 16. Rc1 Rfd8 17. b3 dxc5 18. Qe2 Rd6 19. Na4 Qxe4 20. Nxc5 Qd5
21. Rf2 Rf6 22. Rxf6 Bxf6 23. Nd3 Rb5 24. Nf4 Qe4 25. Qd2 e5 26. Rc4 Qb1+ 27.
Rc1 Qf5 28. Ne2 Rd5 29. Qc3 Bg5 30. Ng3 Qd7 31. Nf1 c5 32. Re1 Qd6 33. Qc4 Rd3
34. Qa4 a6 35. Qc4 Kg7 36. Qg4 Bd8 37. Qc4 Be7 38. Qa4 Qe6 39. Qe4 Qd5 40. Qa4
Qd6 41. Qe4 Bf6 42. Qc4 Qd5 43. Qa4 e4 44. Qxa6 Bc3 45. Re2 Qh5 46. Rf2 Rd1 47.
Qc4 Bf6 48. Qxe4 Be5 49. g3 Rd7 50. Qc2 Bf6 51. Rd2 Re7 52. Qd1 Qh6 53. Rd7
Rxe3 54. Nxe3 Qxe3+ 55. Kg2 Qe4+ 56. Qf3 Qc2+ 57. Qf2 Qe4+ 58. Qf3 Qc2+ 59. Qf2
Qe4+ 1/2-1/2

[Event "DEM U18w 2009"]
[Site "Willingen GER"]
[Date "2009.06.02"]
[Round "4"]
[White "Hingst, Silke"]
[Black "Penne, Bo"]
[Result "0-1"]
[Termination "normal"]
[Board "4"]
[WhiteElo "1833"]
[BlackElo "1951"]
[PlyCount "102"]
[WhiteFideId "4624564"]
[BlackFideId "24642193"]
[EventCountry "GER"]
[EventRounds "9"]
[EventType "swiss"]
[EventDate "2009.05.30"]

1. e4 e6 2. d4 d5 3. Nd2 Be7 4. e5 Nh6 5. Ndf3 c5 6. c3 cxd4 7. cxd4 Nc6 8. Bd3
Nf5 9. Ne2 Qa5+ 10. Kf1 Bd7 11. a3 Qb6 12. Bc2 Rc8 13. h4 h5 14. g3 Na5 15. Nc3
Qc6 16. Kg2 b5 17. Ng5 Nc4 18. Bxf5 exf5 19. Qf3 Be6 20. a4 b4 21. Nb5 Qb6 22.
b3 Na5 23. Nd6+ Bxd6 24. exd6 Rc3 25. Qe2 Qxd6 26. Re1 Nxb3 27. Qb5+ Kf8 28.
Bf4 Qb6 29. Nxe6+ fxe6 30. Qd7 Rc6 31. Be5 Rh7 32. Bf6 Qc7 33. Be7+ Kf7 34.
Qxc7 Rxc7 35. Rab1 Nd2 36. Bd6 Rc6 37. Rbd1 Rxd6 38. Rxd2 Rc6 39. a5 Rh8 40.
Kf3 Rhc8 41. Kf4 Kf6 42. Rb1 Rb8 43. Rb3 Rb5 44. Ra2 Ra6 45. Rab2 Raxa5 46.
Rxb4 a6 47. R2b3 Rxb4 48. Rxb4 Rb5 49. Ra4 a5 50. Ra3 Rb4 51. Rd3 Rxd4+ 0-1

[Event "DEM U18w 2009"]
[Site "Willingen GER"]
[Date "2009.06.02"]
[Round "4"]
[White "Zimmer, Ketsarin"]
[Black "Karmann, Anna"]
[Result "0-1"]
[Termination "normal"]
[Board "5"]
[WhiteElo "1710"]
[BlackElo "1903"]
[PlyCount "92"]
[WhiteFideId "4696182"]
[BlackFideId "24648000"]
[EventCountry "GER"]
[EventRounds "9"]
[EventType "swiss"]
[EventDate "2009.05.30"]

1. e4 c6 2. d4 d5 3. e5 c5 4. Nf3 Bg4 5. Be2 e6 6. Nc3 Nc6 7. Be3 Nge7 8. dxc5
Bxf3 9. Bxf3 Nf5 10. Bf4 Bxc5 11. O-O O-O 12. Re1 Qc7 13. Qd2 Ncd4 14. Bg4 Bb4
15. Nxd5 Bxd2 16. Nxc7 Bxf4 17. Nxa8 Nxc2 18. Bxf5 exf5 19. Nc7 Nxa1 20. Rxa1
Bxe5 21. Nd5 g6 22. g3 Rd8 23. Rd1 Kg7 24. b3 h5 25. f4 Bb8 26. Kf2 f6 27. h4
Kf7 28. Nc3 Rxd1 29. Nxd1 Bd6 30. Ke3 Bb4 31. Nb2 Bc5+ 32. Kf3 Ke6 33. Na4 Kd5
34. Ke2 Bd4 35. b4 b5 36. Nc5 Bxc5 37. bxc5 Kxc5 38. Kd3 Kb4 39. Kc2 a5 40. Kb2
Kc4 41. Kc2 Kd4 42. Kd2 Ke4 43. a3 Kf3 44. Kd3 Kxg3 45. Ke3 Kxh4 46. Kf3 g5 0-1

[Event "DEM U18w 2009"]
[Site "Willingen GER"]
[Date "2009.06.02"]
[Round "4"]
[White "Kohm, Vanessa"]
[Black "Herbold, Nora Marina"]
[Result "0-1"]
[Termination "normal"]
[Board "7"]
[WhiteElo "1779"]
[BlackElo "1608"]
[PlyCount "52"]
[WhiteFideId "4674472"]
[BlackFideId "4624548"]
[EventCountry "GER"]
[EventRounds "9"]
[EventType "swiss"]
[EventDate "2009.05.30"]

1. d4 Nf6 2. c4 g6 3. Nc3 Bg7 4. e4 d6 5. f3 O-O 6. Be3 Nc6 7. Qd2 e5 8. d5 Ne7
9. Nge2 Nd7 10. Rb1 a5 11. a3 f5 12. b4 fxe4 13. Nxe4 axb4 14. axb4 Nf5 15. Bf2
Nf6 16. N2g3 Nxg3 17. Nxg3 e4 18. Nxe4 Qe7 19. Bd3 Bf5 20. Qc2 Bxe4 21. fxe4
Ng4 22. Bg3 Bd4 23. Be2 Ne3 24. Qd3 Nxg2+ 25. Kd2 Ra2+ 26. Kd1 Bf2 0-1

[Event "DEM U18w 2009"]
[Site "Willingen GER"]
[Date "2009.06.02"]
[Round "4"]
[White "Kickert, Germaine Helene"]
[Black "Müller, Anna-Louise"]
[Result "1-0"]
[Termination "normal"]
[Board "8"]
[WhiteElo "1933"]
[BlackElo "1581"]
[PlyCount "93"]
[WhiteFideId "24614890"]
[BlackFideId "4633512"]
[EventCountry "GER"]
[EventRounds "9"]
[EventType "swiss"]
[EventDate "2009.05.30"]

1. e4 d5 2. exd5 Nf6 3. d4 Nxd5 4. Nf3 c6 5. c4 Nb6 6. Be2 Be6 7. b3 g6 8. Be3
Bg7 9. Nc3 Bg4 10. Rc1 O-O 11. O-O N6d7 12. h3 Bxf3 13. Bxf3 Nf6 14. Qc2 Nbd7
15. Rfd1 Qc8 16. Bf4 Nb6 17. Qe2 Re8 18. d5 cxd5 19. Nxd5 Nfxd5 20. cxd5 Qf5
21. Bc7 Qf6 22. Re1 Kf8 23. Rcd1 Nc8 24. Bg4 Nd6 25. Bd7 Rac8 26. Bxd6 Qxd6 27.
Bxe8 Rxe8 28. Qb5 Rb8 29. Rc1 Bf6 30. Qa5 a6 31. Qc7 Qxc7 32. Rxc7 Rd8 33. Rxb7
Rxd5 34. Ra7 Ra5 35. a4 e6 36. Rc1 Bd4 37. Ra8+ Kg7 38. Rc4 Be5 39. g3 Bb2 40.
Rc6 Re5 41. Raxa6 Re1+ 42. Kg2 Bd4 43. Rc2 Rb1 44. Rd2 Bc3 45. Rd3 Be1 46. Ra7
Rb2 47. Rf3 1-0

[Event "DEM U18w 2009"]
[Site "Willingen GER"]
[Date "2009.06.02"]
[Round "4"]
[White "Strößner, Lena"]
[Black "Knof, Henrike"]
[Result "1-0"]
[Termination "normal"]
[Board "9"]
[WhiteElo "1989"]
[BlackElo "1486"]
[PlyCount "75"]
[WhiteFideId "4623525"]
[EventCountry "GER"]
[EventRounds "9"]
[EventType "swiss"]
[EventDate "2009.05.30"]

1. Nf3 d5 2. d4 Nf6 3. c4 c6 4. Qc2 Bg4 5. Ne5 Bh5 6. Nd2 Nbd7 7. Ndf3 Bxf3 8.
Nxf3 e6 9. e3 Bd6 10. Bd3 Qc7 11. O-O Ng4 12. g3 h5 13. cxd5 exd5 14. e4 Nb6
15. e5 Be7 16. Bf4 O-O-O 17. Rae1 g5 18. Nxg5 Bxg5 19. Bxg5 Rdg8 20. Bf4 h4 21.
e6 Qe7 22. Bf5 f6 23. Qc5 Kd8 24. Qd6+ Qxd6 25. Bxd6 hxg3 26. hxg3 Ke8 27. Kg2
Nc4 28. Bf4 Rh5 29. Bxg4 Rxg4 30. Rh1 Rxh1 31. Rxh1 Rg7 32. b3 Nb6 33. Bd6 Rg8
34. Rh7 Nc8 35. Rxb7 Rg4 36. Rb8 Kd8 37. e7+ Kd7 38. Rxc8 1-0

[Event "DEM U18w 2009"]
[Site "Willingen GER"]
[Date "2009.06.02"]
[Round "4"]
[White "Häcker, Katrin"]
[Black "Voss, Chantal"]
[Result "0-1"]
[Termination "normal"]
[Board "10"]
[WhiteElo "1604"]
[BlackElo "1878"]
[PlyCount "60"]
[WhiteFideId "24667986"]
[BlackFideId "4664906"]
[EventCountry "GER"]
[EventRounds "9"]
[EventType "swiss"]
[EventDate "2009.05.30"]

1. e4 e6 2. d4 d5 3. Nc3 Bb4 4. exd5 exd5 5. Bd3 Nc6 6. a3 Bxc3+ 7. bxc3 Nge7
8. Qh5 g6 9. Qf3 O-O 10. Ne2 Nf5 11. O-O Na5 12. Ng3 Ng7 13. Re1 Be6 14. Bf4 c6
15. Rab1 g5 16. Bc1 f5 17. Nh5 Bd7 18. Nxg7 Kxg7 19. Qh5 h6 20. h4 Be8 21. Qe2
Qf6 22. Qe7+ Rf7 23. Qxf6+ Kxf6 24. Re5 Bd7 25. hxg5+ hxg5 26. Bd2 Rh8 27. Be2
Rfh7 28. Bxg5+ Kg6 29. f4 Rh1+ 30. Kf2 Rxb1 0-1

[Event "DEM U18w 2009"]
[Site "Willingen GER"]
[Date "2009.06.02"]
[Round "4"]
[White "Voss, Janine"]
[Black "Silz, Elisa"]
[Result "0-1"]
[Termination "normal"]
[Board "11"]
[WhiteElo "1838"]
[BlackElo "1946"]
[PlyCount "118"]
[WhiteFideId "24677329"]
[BlackFideId "4615352"]
[EventCountry "GER"]
[EventRounds "9"]
[EventType "swiss"]
[EventDate "2009.05.30"]

1. e4 c5 2. Nf3 Nc6 3. d4 cxd4 4. Nxd4 g6 5. Nc3 Bg7 6. Be3 d6 7. Qd2 Nf6 8. f3
a6 9. Bc4 Ne5 10. Bb3 Qc7 11. Bh6 O-O 12. O-O-O Bd7 13. h4 Nc4 14. Bxc4 Qxc4
15. g4 Rfc8 16. h5 Bh8 17. Bg5 e5 18. Nb3 d5 19. Bxf6 Bxf6 20. Rh2 Bc6 21. exd5
Bd7 22. Ne4 Bg7 23. Nd6 Qa4 24. Nxc8 Rxc8 25. Kb1 e4 26. hxg6 hxg6 27. fxe4
Qxe4 28. g5 Qe5 29. Nd4 Bg4 30. Re1 Qxd4 31. Qxd4 Bxd4 32. Rd2 Bb6 33. Re7 Bc5
34. Rxb7 Re8 35. a3 Bc8 36. Rc7 Bd6 37. Rc6 Bf4 38. Rd1 Bxg5 39. d6 Rd8 40. d7
Bb7 41. Rc7 Bf3 42. Re1 Kg7 43. Re8 f5 44. Rxd8 Bxd8 45. Rc8 Bf6 46. c4 Be4+
47. Ka2 f4 48. c5 f3 49. d8=Q Bxd8 50. Rxd8 f2 51. Rd1 Bd3 52. b4 f1=Q 53. Rxf1
Bxf1 54. a4 Kf6 55. Kb3 Ke5 56. Kc3 Kd5 57. c6 Kxc6 58. Kd4 Kd6 59. Ke4 Bh3 0-1

[Event "DEM U18w 2009"]
[Site "Willingen GER"]
[Date "2009.06.02"]
[Round "4"]
[White "Adermann, Mara"]
[Black "Sancar, Alina"]
[Result "1/2-1/2"]
[Termination "normal"]
[Board "12"]
[WhiteElo "1704"]
[BlackElo "1759"]
[PlyCount "66"]
[BlackFideId "4624750"]
[EventCountry "GER"]
[EventRounds "9"]
[EventType "swiss"]
[EventDate "2009.05.30"]

1. Nf3 f5 2. g3 Nf6 3. Bg2 g6 4. d4 d6 5. c3 Bg7 6. Qb3 e6 7. Ng5 d5 8. e3 h6
9. Nf3 O-O 10. Ne5 Kh7 11. Nd2 Nbd7 12. Nxd7 Qxd7 13. Nf3 Ne4 14. Bd2 c5 15.
Qc2 cxd4 16. exd4 b5 17. O-O Ba6 18. Rfe1 Rac8 19. a3 Bb7 20. Bf4 a5 21. Be5 b4
22. axb4 axb4 23. Re3 bxc3 24. bxc3 Nd6 25. Bxg7 Kxg7 26. Rae1 Rce8 27. Ne5 Qc7
28. Nd3 Bc8 29. Nc5 Qf7 30. Qe2 Ne4 31. Nxe4 dxe4 32. f3 exf3 33. Bxf3 Bd7
1/2-1/2

[Event "DEM U18w 2009"]
[Site "Willingen GER"]
[Date "2009.06.02"]
[Round "4"]
[White "Wisheckel, Lena"]
[Black "Stein, Simone"]
[Result "1-0"]
[Termination "normal"]
[Board "13"]
[WhiteElo "1672"]
[BlackElo "1351"]
[PlyCount "59"]
[WhiteFideId "24691992"]
[BlackFideId "24692875"]
[EventCountry "GER"]
[EventRounds "9"]
[EventType "swiss"]
[EventDate "2009.05.30"]

1. e4 c5 2. Nf3 d6 3. d4 cxd4 4. Nxd4 Nf6 5. Nc3 g6 6. Bg5 Bg7 7. Bb5+ Bd7 8.
Qe2 a6 9. Bxd7+ Qxd7 10. O-O-O O-O 11. f4 Nc6 12. Nxc6 bxc6 13. e5 Ne8 14. exd6
exd6 15. Be7 Qf5 16. g3 Qa5 17. Qc4 Rb8 18. Bxf8 Kxf8 19. Rhe1 Rb6 20. Na4 d5
21. Qc5+ Qxc5 22. Nxc5 Bxb2+ 23. Kd2 Nf6 24. Rb1 Rb4 25. Nd3 Ne4+ 26. Rxe4 dxe4
27. Nxb4 Bg7 28. Nxc6 f5 29. Rb7 Kg8 30. Ne5 1-0

[Event "DEM U18w 2009"]
[Site "Willingen GER"]
[Date "2009.06.02"]
[Round "5"]
[White "Frey, Alisa"]
[Black "Hannes, Diana"]
[Result "0-1"]
[Termination "normal"]
[Board "1"]
[WhiteElo "1984"]
[BlackElo "2061"]
[PlyCount "102"]
[WhiteFideId "24634662"]
[BlackFideId "24611344"]
[EventCountry "GER"]
[EventRounds "9"]
[EventType "swiss"]
[EventDate "2009.05.30"]

1. e4 c5 2. Nf3 e6 3. d4 cxd4 4. Nxd4 a6 5. Bd3 Nf6 6. O-O Qc7 7. Qe2 d6 8. c4
g6 9. Nc3 Bg7 10. Kh1 O-O 11. f4 Nc6 12. Nxc6 bxc6 13. Bd2 Nd7 14. Rab1 Nc5 15.
b4 Nxd3 16. Qxd3 Rd8 17. Qc2 d5 18. e5 Bb7 19. c5 f6 20. exf6 Bxf6 21. Qb3 Rab8
22. Rbe1 Re8 23. a3 a5 24. f5 gxf5 25. Bf4 e5 26. Bh6 Bg7 27. Bxg7 Kxg7 28.
Rxf5 axb4 29. axb4 Bc8 30. Rf3 Be6 31. Qb2 Bf7 32. Ref1 Bg6 33. h3 d4 34. Ne2
Rf8 35. Nxd4 exd4 36. Qxd4+ Kg8 37. Rxf8+ Rxf8 38. Rxf8+ Kxf8 39. Qf6+ Ke8 40.
Qe6+ Kd8 41. Kg1 Qd7 42. Qe5 Kc8 43. Qa1 Kb7 44. Kh1 Be4 45. Kh2 Qd2 46. Qg7+
Ka6 47. Qg3 Qxb4 48. Qe3 Qc4 49. Qf2 Kb5 50. Qe3 Qc2 51. Qg5 Qxg2+ 0-1

[Event "DEM U18w 2009"]
[Site "Willingen GER"]
[Date "2009.06.02"]
[Round "5"]
[White "Penne, Bo"]
[Black "Karmann, Anna"]
[Result "1/2-1/2"]
[Termination "normal"]
[Board "2"]
[WhiteElo "1951"]
[BlackElo "1903"]
[PlyCount "44"]
[WhiteFideId "24642193"]
[BlackFideId "24648000"]
[EventCountry "GER"]
[EventRounds "9"]
[EventType "swiss"]
[EventDate "2009.05.30"]

1. e4 e5 2. Nf3 Nc6 3. Nc3 Nf6 4. d4 exd4 5. Nxd4 Bb4 6. Nxc6 bxc6 7. Bd3 O-O
8. O-O d5 9. exd5 cxd5 10. Bg5 c6 11. Qf3 Be7 12. Rfe1 Rb8 13. Na4 h6 14. Bf4
Bd6 15. Bxd6 Qxd6 16. h3 Be6 17. Rad1 Qb4 18. b3 c5 19. Bf5 Bxf5 20. Qxf5 Rfe8
21. Rxe8+ Rxe8 22. Nb2 Re1+ 1/2-1/2

[Event "DEM U18w 2009"]
[Site "Willingen GER"]
[Date "2009.06.02"]
[Round "5"]
[White "van Orsouw, Svenja"]
[Black "Jussupow, Ekaterina"]
[Result "0-1"]
[Termination "normal"]
[Board "3"]
[WhiteElo "1697"]
[BlackElo "2186"]
[PlyCount "70"]
[WhiteFideId "24677124"]
[BlackFideId "24625400"]
[EventCountry "GER"]
[EventRounds "9"]
[EventType "swiss"]
[EventDate "2009.05.30"]

1. e4 e5 2. Nf3 Nc6 3. Bb5 g6 4. d4 exd4 5. Bg5 Be7 6. Bxe7 Qxe7 7. O-O Qc5 8.
Bxc6 dxc6 9. Qxd4 Qxd4 10. Nxd4 Nf6 11. Nc3 Bd7 12. Rfe1 O-O-O 13. b4 Rhe8 14.
Rad1 Ng4 15. h3 Ne5 16. Nb3 b6 17. Nd2 g5 18. Nf1 Be6 19. Ne3 Rd6 20. a3 Red8
21. f3 f6 22. Rxd6 cxd6 23. Rd1 b5 24. Kf2 Kc7 25. Ra1 a5 26. Ne2 Ra8 27. bxa5
Rxa5 28. Nd4 Bf7 29. Ng4 Nd7 30. Nb3 Ra4 31. Ke3 b4 32. Nh6 Bxb3 33. cxb3 Rxa3
34. Rb1 Nc5 35. Kd4 Nxb3+ 0-1

[Event "DEM U18w 2009"]
[Site "Willingen GER"]
[Date "2009.06.02"]
[Round "5"]
[White "Mertens, Pauline"]
[Black "Breitwieser, Jasmin"]
[Result "1-0"]
[Termination "normal"]
[Board "4"]
[WhiteElo "1922"]
[BlackElo "1874"]
[PlyCount "97"]
[WhiteFideId "24671959"]
[BlackFideId "24601705"]
[EventCountry "GER"]
[EventRounds "9"]
[EventType "swiss"]
[EventDate "2009.05.30"]

1. e4 c5 2. Nf3 d6 3. d4 cxd4 4. Nxd4 Nf6 5. Nc3 e6 6. g4 h6 7. h4 Be7 8. Qf3
Nc6 9. Nxc6 bxc6 10. g5 hxg5 11. hxg5 Rxh1 12. Qxh1 Nd7 13. Qh8+ Bf8 14. Bf4 e5
15. Be3 Nb6 16. O-O-O Bg4 17. Rd2 Qc7 18. Ba6 Bc8 19. Bxc8 Rxc8 20. Rd1 Nc4 21.
g6 Nxe3 22. gxf7+ Qxf7 23. fxe3 Kd7 24. Qh3+ Qe6 25. Qh5 Be7 26. Rg1 Bf6 27.
Qe2 Kc7 28. Qa6 Kb8 29. Nb1 Qd7 30. Nd2 d5 31. Nb3 Qh3 32. Qd3 c5 33. Na5 c4
34. Qc3 Ka8 35. Re1 Rb8 36. b3 Bh4 37. Qxe5 Qd7 38. Rd1 Bf6 39. Qxd5+ Qxd5 40.
exd5 cxb3 41. axb3 g5 42. Nc6 Rg8 43. Rf1 Rg6 44. e4 g4 45. Kd1 g3 46. Ke2 Kb7
47. Kf3 Kc7 48. e5 Bh4 49. Kg2 1-0

[Event "DEM U18w 2009"]
[Site "Willingen GER"]
[Date "2009.06.02"]
[Round "5"]
[White "Herbold, Nora Marina"]
[Black "Lorenz, Nicole"]
[Result "0-1"]
[Termination "normal"]
[Board "5"]
[WhiteElo "1608"]
[BlackElo "1842"]
[PlyCount "116"]
[WhiteFideId "4624548"]
[BlackFideId "24623709"]
[EventCountry "GER"]
[EventRounds "9"]
[EventType "swiss"]
[EventDate "2009.05.30"]

1. e4 c5 2. Nf3 Nc6 3. d4 cxd4 4. Nxd4 Nf6 5. Nc3 d6 6. Bg5 e6 7. Qd2 Qb6 8.
Bxf6 gxf6 9. Nb3 a6 10. O-O-O Bd7 11. f4 O-O-O 12. Be2 h5 13. Rhf1 Be7 14. Rf3
Na5 15. Nxa5 Qxa5 16. f5 Rdg8 17. Bf1 Kb8 18. Kb1 Rg4 19. h3 Rg5 20. Ne2 Qxd2
21. Rxd2 exf5 22. exf5 Rxf5 23. Rxf5 Bxf5 24. Nf4 Bg6 25. Nd5 Bd8 26. Bd3 Re8
27. Kc1 f5 28. Re2 Re5 29. Nc3 h4 30. b3 Bg5+ 31. Kb2 Be3 32. Nd1 f4 33. Kb1
Bxd3 34. cxd3 Bd4 35. Re4 Rxe4 36. dxe4 Kc7 37. Kc2 Kd7 38. Kd3 Ba1 39. Nf2 Ke6
40. Ng4 Bg7 41. Kc4 b5+ 42. Kd3 f5 43. exf5+ Kxf5 44. Nf2 Be5 45. Ne4 f3 46.
gxf3 Kf4 47. Ke2 d5 48. Nf2 Kg3 49. Ke3 d4+ 50. Ke2 Bf4 51. Nd3 Be3 52. a3 Kxh3
53. f4 Kg3 54. f5 h3 55. f6 h2 56. Nf2 Bxf2 57. f7 d3+ 58. Kxd3 Bc5 0-1

[Event "DEM U18w 2009"]
[Site "Willingen GER"]
[Date "2009.06.02"]
[Round "5"]
[White "Zimmer, Ketsarin"]
[Black "Remy, Janina"]
[Result "1/2-1/2"]
[Termination "normal"]
[Board "6"]
[WhiteElo "1710"]
[BlackElo "1991"]
[PlyCount "27"]
[WhiteFideId "4696182"]
[BlackFideId "24627348"]
[EventCountry "GER"]
[EventRounds "9"]
[EventType "swiss"]
[EventDate "2009.05.30"]

1. e4 c6 2. d4 d5 3. exd5 cxd5 4. Bd3 Nc6 5. c3 Nf6 6. h3 g6 7. Nf3 Bg7 8. Bf4
O-O 9. O-O a6 10. Nbd2 b5 11. Re1 Bb7 12. Nb3 Qc8 13. Nc5 Nd7 14. Nxb7 1/2-1/2

[Event "DEM U18w 2009"]
[Site "Willingen GER"]
[Date "2009.06.02"]
[Round "5"]
[White "Voss, Chantal"]
[Black "Kickert, Germaine Helene"]
[Result "1-0"]
[Termination "normal"]
[Board "7"]
[WhiteElo "1878"]
[BlackElo "1933"]
[PlyCount "23"]
[WhiteFideId "4664906"]
[BlackFideId "24614890"]
[EventCountry "GER"]
[EventRounds "9"]
[EventType "swiss"]
[EventDate "2009.05.30"]

1. d4 Nf6 2. c4 Nc6 3. Nc3 e5 4. d5 Ne7 5. e4 Ng6 6. Be3 Bb4 7. Bd3 d6 8. f3
Nh5 9. Qa4+ Bd7 10. Qxb4 Ngf4 11. Bf1 Qg5 12. Kd2 1-0

[Event "DEM U18w 2009"]
[Site "Willingen GER"]
[Date "2009.06.02"]
[Round "5"]
[White "Adermann, Mara"]
[Black "Hingst, Silke"]
[Result "1/2-1/2"]
[Termination "normal"]
[Board "9"]
[WhiteElo "1704"]
[BlackElo "1833"]
[PlyCount "35"]
[BlackFideId "4624564"]
[EventCountry "GER"]
[EventRounds "9"]
[EventType "swiss"]
[EventDate "2009.05.30"]

1. Nf3 d6 2. g3 f5 3. Bg2 Nf6 4. d4 g6 5. c3 Bg7 6. Qb3 e6 7. Ng5 d5 8. Qa3 Ne4
9. Nxe4 fxe4 10. O-O Qd6 11. Qxd6 cxd6 12. f3 exf3 13. Bxf3 O-O 14. Na3 a6 15.
Nc2 Kh8 16. Bg5 Nc6 17. Bg2 Bd7 18. Rae1 1/2-1/2

[Event "DEM U18w 2009"]
[Site "Willingen GER"]
[Date "2009.06.02"]
[Round "5"]
[White "Sancar, Alina"]
[Black "Wisheckel, Lena"]
[Result "1/2-1/2"]
[Termination "normal"]
[Board "10"]
[WhiteElo "1759"]
[BlackElo "1672"]
[PlyCount "53"]
[WhiteFideId "4624750"]
[BlackFideId "24691992"]
[EventCountry "GER"]
[EventRounds "9"]
[EventType "swiss"]
[EventDate "2009.05.30"]

1. d4 d5 2. c4 e5 3. dxe5 d4 4. e3 Bb4+ 5. Bd2 dxe3 6. fxe3 Qe7 7. Nf3 Nc6 8.
Nc3 Nxe5 9. Nxe5 Bxc3 10. Bxc3 f6 11. Nf3 Nh6 12. Bd2 Bf5 13. Qa4+ c6 14. Qb4
c5 15. Qa4+ Bd7 16. Qb3 Bc6 17. O-O-O Ng4 18. Re1 Rd8 19. Be2 O-O 20. h3 Nf2
21. Rhf1 Ne4 22. Bd3 Rd7 23. Bxe4 Bxe4 24. Rf2 Rfd8 25. Bc3 Bg6 26. Qa4 Qe4 27.
Qc2 1/2-1/2

[Event "DEM U18w 2009"]
[Site "Willingen GER"]
[Date "2009.06.02"]
[Round "5"]
[White "Knof, Henrike"]
[Black "Kohm, Vanessa"]
[Result "0-1"]
[Termination "normal"]
[Board "11"]
[WhiteElo "1486"]
[BlackElo "1779"]
[PlyCount "60"]
[BlackFideId "4674472"]
[EventCountry "GER"]
[EventRounds "9"]
[EventType "swiss"]
[EventDate "2009.05.30"]

1. e4 c5 2. d3 Nc6 3. Nf3 g6 4. g3 Bg7 5. Bg2 d6 6. Nbd2 e6 7. O-O Nge7 8. Re1
O-O 9. Nf1 Rb8 10. h4 b5 11. N1h2 h6 12. Ng4 Kh7 13. Qd2 Ng8 14. Kh2 a5 15. Rh1
a4 16. Rb1 Nb4 17. Ra1 d5 18. Kg1 dxe4 19. Ng5+ Kh8 20. Nxe4 Na6 21. Nh2 b4 22.
Nf1 Ne7 23. Ne3 f5 24. Ng5 hxg5 25. f4 gxf4 26. gxf4 Qd4 27. Qf2 Bh6 28. h5 Kg7
29. Qh4 Qf6 30. Qg3 Rg8 0-1

[Event "DEM U18w 2009"]
[Site "Willingen GER"]
[Date "2009.06.02"]
[Round "5"]
[White "Müller, Anna-Louise"]
[Black "Voss, Janine"]
[Result "0-1"]
[Termination "normal"]
[Board "12"]
[WhiteElo "1581"]
[BlackElo "1838"]
[PlyCount "64"]
[WhiteFideId "4633512"]
[BlackFideId "24677329"]
[EventCountry "GER"]
[EventRounds "9"]
[EventType "swiss"]
[EventDate "2009.05.30"]

1. e4 c5 2. Nf3 d6 3. d4 cxd4 4. Nxd4 Nf6 5. Nc3 g6 6. Be3 Bg7 7. Bc4 Nc6 8. f3
O-O 9. Qd2 Bd7 10. Bb3 Rc8 11. O-O-O Ne5 12. Kb1 Nc4 13. Bxc4 Rxc4 14. g4 Qb8
15. h4 Rfc8 16. Nd5 Nxd5 17. exd5 Qc7 18. b3 Rc3 19. h5 a5 20. hxg6 hxg6 21.
Bh6 Be5 22. f4 Bh8 23. f5 Qc5 24. fxg6 fxg6 25. Qg5 Be8 26. Qxe7 Bf7 27. Rdf1
Qxd5 28. Nf5 R3c7 29. Qxd6 gxf5 30. Qxd5 Bxd5 31. Rhg1 Rxc2 32. Rxf5 Rb2+ 0-1